Cost estimating for defence contracts. (Record no. 543484)

000 -LEADER
fixed length control field 00428nam a22001457a 4500
020 ## - INTERNATIONAL STANDARD BOOK NUMBER
International Standard Book Number 0851211372
082 ## - DEWEY DECIMAL CLASSIFICATION NUMBER
Classification number 388.4762340681
Author Mark SIS
-- D
100 ## - MAIN ENTRY--PERSONAL NAME
Personal name Sissons, Leslie G
9 (RLIN) 38861
245 ## - TITLE STATEMENT
Title Cost estimating for defence contracts.
Statement of responsibility, etc. Leslie G Sissons
260 ## - PUBLICATION, DISTRIBUTION, ETC.
Place of publication, distribution, etc. United Kingdom :
Name of publisher, distributor, etc. Longman Group UK Ltd,
Date of publication, distribution, etc. 1986.
300 ## - PHYSICAL DESCRIPTION
Extent xiv, 336 p. :
526 ## - STUDY PROGRAM INFORMATION NOTE
Program name 0
Interest level 0
Reading level 0
Title point value 388_476234068100000_SIS
650 ## - SUBJECT ADDED ENTRY--TOPICAL TERM
Topical term or geographic name entry element MCE
9 (RLIN) 379
942 ## - ADDED ENTRY ELEMENTS (KOHA)
Source of classification or shelving scheme
Koha item type Book
Holdings
Withdrawn status Lost status Source of classification or shelving scheme Damaged status Not for loan Permanent Location Current Location Date acquired Total Checkouts Full call number Barcode Date last seen Price effective from Koha item type
          Military College of Engineering (MCE) Military College of Engineering (MCE) 03/25/2014   388.4762340681 SIS MCE-43156 03/25/2014 03/25/2014 Book
© 2023 Central Library, National University of Sciences and Technology. All Rights Reserved.